Most valuable footballer from each country #8 - Statistics

General Stats
  • This quiz has been taken 16 times
  • The average score is 3 of 16
Answer Stats
Picture Hint Answer % Correct
50,000,000€ Alphonso Davies
93%
80,000,000€ Luiz Diaz
73%
75,000,000€ Josko Gvardiol
67%
6,000,000€ Akram Afif
33%
800,000€ Onel Hernandez
20%
40,000,000€ Byan Mbeumo
13%
4,500,000€ Antoine Makoumbou
7%
4,000,000€ Bakhtiyor Zaynutdinov
7%
25,000,000€ Edon Zhegrova
7%
9,000,000€ Joseph Okumu
7%
8,000,000€ Warmed Omari
7%
400,000€ Bandar Al-Salama
0%
200,000€ Bounphachan Bounkong
0%
800,000€ Gulzhigit Alykulov
0%
18,000,000€ Logan Costa
0%
300,000€ Privat Mbarga
0%
No matching quizzes found
Score Distribution
Percent of People with Each Score
Percentile by Number Answered
Your Score History
You have not taken this quiz